Fabulas de Gunter (Registro nro. 10971)
[ vista simple ]
| 000 -LEADER | |
|---|---|
| fixed length control field | 00679nam a2200205Ia 4500 |
| 003 - CONTROL NUMBER IDENTIFIER | |
| control field | OSt |
| 005 - DATE AND TIME OF LATEST TRANSACTION | |
| control field | 20230928131241.0 |
| 008 - FIXED-LENGTH DATA ELEMENTS--GENERAL INFORMATION | |
| fixed length control field | 210310s9999 xx 000 0 und d |
| 020 ## - INTERNATIONAL STANDARD BOOK NUMBER | |
| International Standard Book Number | 978-958-8334-24-0 |
| 040 ## - CATALOGING SOURCE | |
| Transcribing agency | CO-JMCR |
| 100 ## - MAIN ENTRY--PERSONAL NAME | |
| Personal name | #N/A |
| 9 (RLIN) | 18116 |
| 245 10 - TITLE STATEMENT | |
| Title | Fabulas de Gunter |
| 260 ## - PUBLICATION, DISTRIBUTION, ETC. | |
| Date of publication, distribution, etc. | #N/A |
| 300 ## - PHYSICAL DESCRIPTION | |
| Other physical details | 199 páginas : ilustraciones a color ; 28 cm |
| 440 ## - SERIES STATEMENT/ADDED ENTRY--TITLE | |
| Title | 0 |
| 9 (RLIN) | 24229 |
| 500 ## - GENERAL NOTE | |
| General note | Recomendado para mayores de 5 años. |
| 505 ## - FORMATTED CONTENTS NOTE | |
| Formatted contents note | Salón de belleza para hipopótamos -- Narices y oídos que ven -- Medicina animal -- El rey de corazones -- Dulce de árbol -- Sólo machos |
| 650 ## - SUBJECT ADDED ENTRY--TOPICAL TERM | |
| Topical term or geographic name entry element | Cuentos infantiles belgas Fábulas belgas |
| 9 (RLIN) | 24230 |
| 942 ## - ADDED ENTRY ELEMENTS (KOHA) | |
| Source of classification or shelving scheme | Dewey Decimal Classification |
| Koha item type | Books |
| Withdrawn status | Lost status | Damaged status | Not for loan | Home library | Current library | Date acquired | Total Checkouts | Total Renewals | Barcode | Date last seen | Date last checked out | Price effective from | Koha item type |
|---|---|---|---|---|---|---|---|---|---|---|---|---|---|
| Biblioteca Pública José María del Castillo y Rada | Biblioteca Pública José María del Castillo y Rada | 03/10/2021 | 16 | 3 | 201809345 | 02/27/2026 | 02/27/2026 | 03/10/2021 | Books |